[Event "Titled Tue 10th Jun Late"]
[Site "chess.com INT"]
[Date "2025.06.10"]
[Round "10"]
[White "Loya Ibarra, Rigoberto"]
[Black "Giang, Tran Nam"]
[Result "0-1"]
[BlackTitle "FM"]
[WhiteElo "2069"]
[BlackElo "2182"]
[WhiteFideId "5110688"]
[BlackFideId "791903"]
[EventDate "2025.06.10"]

1. e4 c6 2. Nc3 d5 3. exd5 cxd5 4. d4 Nc6 5. Nf3 Nf6 6. Bd3 Bg4 7. Be3 e6 8. h3
Bh5 9. g4 Bg6 10. Bg5 Be7 11. Ne5 Nxe5 12. dxe5 Nd7 13. Bxe7 Qxe7 14. Qe2 Bxd3
15. cxd3 d4 16. Nd1 Qg5 17. O-O Qxe5 18. Re1 Qxe2 19. Rxe2 Ke7 20. f4 h5 21. g5
Nc5 22. Nf2 Rac8 23. Rae1 g6 24. Re5 Nd7 25. R5e4 Rc2 26. Rb1 Rhc8 27. Rxd4 Rd2
28. Rc4 Rxc4 29. dxc4 Nc5 30. b4 Nd3 31. Nxd3 Rxd3 32. Rb3 Rd4 33. Ra3 Rxc4 34.
Rxa7 Rxb4 35. a4 Kd7 36. a5 Kc6 37. a6 bxa6 38. Rxf7 a5 39. Rf6 Kd5 40. Rxg6
Rxf4 41. Rg8 a4 42. g6 Ke5 43. g7 Rf7 44. Kh2 a3 45. Ra8 Rxg7 46. Rxa3 Kf6 47.
Ra5 Rg5 48. Ra4 Rb5 49. Kg3 e5 50. Ra8 Kg5 51. Rg8+ Kf5 52. Rh8 Kg6 53. Rg8+ Kf5
54. Rh8 Ke4 55. Rxh5 Ke3 56. Kg4 Rb4+ 57. Kf5 e4 58. h4 Rb5+ 59. Kg4 Rxh5 60.
Kxh5 Kf4 61. Kg6 e3 62. h5 e2 63. h6 e1=Q 64. h7 Qe5 0-1

[Event "Titled Tue 10th Jun Late"]
[Site "chess.com INT"]
[Date "2025.06.10"]
[Round "10"]
[White "Adewumi, Tanitoluwa"]
[Black "Rustemov, Alexander"]
[Result "0-1"]
[WhiteTitle "FM"]
[BlackTitle "GM"]
[WhiteElo "2362"]
[BlackElo "2525"]
[WhiteFideId "30966396"]
[BlackFideId "4119002"]
[EventDate "2025.06.10"]

1. Nf3 d5 2. b3 Bf5 3. Bb2 Nf6 4. g3 c5 5. Bg2 Nc6 6. O-O e6 7. d4 Rc8 8. c4
dxc4 9. bxc4 cxd4 10. Nxd4 Be4 11. f3 Qb6 12. Bc3 Bg6 13. e3 Bc5 14. a4 O-O 15.
a5 Qa6 16. Qb3 Rfd8 17. Nb5 Bxe3+ 18. Kh1 Nd4 19. Qb2 Nxb5 20. cxb5 Qd6 21. Na3
Bd4 22. Bxd4 Qxd4 23. Qxd4 Rxd4 24. b6 axb6 25. axb6 Rb4 26. Rac1 Rxc1 27. Rxc1
h5 28. Nc4 Nd7 29. f4 Nxb6 30. Ne5 Nd5 31. Bxd5 exd5 32. Rc8+ Kh7 33. Nd7 Be4+
34. Kg1 Rb2 35. Nf8+ Kh6 36. h4 Rg2+ 37. Kf1 Rxg3 38. Nd7 Rf3+ 39. Ke2 Rxf4 40.
Ne5 f6 41. Rh8+ Bh7 42. Nd7 Re4+ 43. Kf3 Kg6 44. Nf8+ Kf7 45. Nxh7 Re8 46. Rxe8
Kxe8 47. Kf4 b5 48. Kf5 b4 49. Kg6 b3 50. Kxg7 b2 51. Nxf6+ Kd8 52. Nxd5 b1=Q
53. Nf6 Qf5 54. Nh7 Ke7 55. Ng5 Qf6+ 56. Kh7 Kf8 57. Ne6+ Qxe6 58. Kh8 Qh6# 0-1

[Event "Titled Tue 10th Jun Late"]
[Site "chess.com INT"]
[Date "2025.06.10"]
[Round "10"]
[White "Krzywda, Andrzej"]
[Black "Montano Vicente, Guadalupe"]
[Result "1-0"]
[WhiteTitle "CM"]
[WhiteElo "2175"]
[BlackElo "1938"]
[WhiteFideId "1114565"]
[BlackFideId "5181399"]
[EventDate "2025.06.10"]

1. e4 c5 2. Nf3 d6 3. Bb5+ Nd7 4. O-O Nf6 5. Re1 a6 6. Bf1 e6 7. c3 Be7 8. d4
O-O 9. Nbd2 b6 10. Bd3 Bb7 11. Nf1 b5 12. Ng3 b4 13. Qe2 g6 14. Bh6 Re8 15. Rad1
bxc3 16. bxc3 Qa5 17. Rb1 Bc6 18. Rbc1 cxd4 19. cxd4 Bb5 20. Bxb5 Qxb5 21. Qd2
Red8 22. h3 a5 23. Bf4 Qb4 24. Qe3 a4 25. h4 h5 26. Bg5 Ng4 27. Qf4 e5 28. dxe5
dxe5 29. Bxe7 Qxe7 30. Qg5 Qxg5 31. Nxg5 Rac8 32. f3 Ngf6 33. Nf1 Nb6 34. Ne3
Kg7 35. Kf1 a3 36. Ke2 Nh7 37. Red1 Nxg5 38. hxg5 Rxd1 39. Rxd1 Rb8 40. Rd3 Ra8
41. Rb3 Ra6 42. Kd3 f6 43. gxf6+ Kxf6 44. Rxb6+ Rxb6 45. Nd5+ Kg5 46. Nxb6 Kh4
47. Ke2 Kg3 48. Kf1 g5 49. Nc4 g4 50. fxg4 Kxg4 51. Nxe5+ Kf4 52. Nc4 Kxe4 53.
Nxa3 Kd3 54. Kf2 Kc3 55. Nb5+ Kb4 56. Nd6 Ka3 57. Kg3 Kxa2 58. Kh4 Kb3 59. Kxh5
Kb4 60. g4 Kc5 61. g5 Kxd6 62. Kg6 Ke7 63. Kg7 Ke6 64. g6 Kf5 65. Kf7 Kg5 66. g7
Kh6 67. g8=Q Kh5 68. Qg3 Kh6 69. Qg6# 1-0

[Event "Titled Tue 10th Jun Late"]
[Site "chess.com INT"]
[Date "2025.06.10"]
[Round "10"]
[White "Schernthaner, David"]
[Black "Haug, Havard"]
[Result "1-0"]
[WhiteTitle "FM"]
[BlackTitle "FM"]
[WhiteElo "2401"]
[BlackElo "2354"]
[WhiteFideId "1649574"]
[BlackFideId "1547887"]
[EventDate "2025.06.10"]

1. b3 d5 2. Bb2 c5 3. e3 Nc6 4. Bb5 Qc7 5. Nf3 Bd7 6. O-O a6 7. Bxc6 Bxc6 8. d3
Nf6 9. Nbd2 g6 10. Ne5 Bg7 11. f4 O-O 12. Qe2 Rfe8 13. Ndf3 Nd7 14. Rad1 f6 15.
Nxc6 Qxc6 16. e4 d4 17. c3 e5 18. fxe5 fxe5 19. cxd4 exd4 20. Bc1 Rf8 21. Bg5
Qe6 22. Bh4 Ne5 23. Nxe5 Bxe5 24. Rxf8+ Rxf8 25. Rf1 Rxf1+ 26. Qxf1 Qg4 27. Be7
Qc8 28. Qc1 b6 29. Qc4+ Kg7 30. Qd5 Bf4 31. e5 Qf5 32. Bf6+ Kh6 33. Qf3 g5 34.
g4 Bxh2+ 35. Kg2 Qxf3+ 36. Kxf3 Kg6 37. Ke4 Bf4 38. Bd8 h5 39. gxh5+ Kxh5 40.
Kf5 b5 41. e6 Bd6 42. e7 Bxe7 43. Bxe7 c4 44. bxc4 bxc4 45. Bxg5 cxd3 46. Bd2
Kh4 47. Ke4 Kg4 48. a4 Kh5 49. Kf5 Kh4 50. a5 Kh5 51. Bf4 Kh4 52. Ke4 Kg4 53.
Bd2 Kh5 54. Kxd4 Kg6 55. Kc5 Kf5 56. Kb6 Ke6 57. Kxa6 Kd5 58. Kb7 Kc4 59. a6 Kb3
60. a7 Kc2 61. Bf4 d2 62. Bxd2 Kxd2 63. a8=Q Kd3 64. Qa6+ Kd4 65. Qc6 Ke5 66.
Kc7 Kd4 67. Kd7 Ke5 68. Qd6+ Ke4 69. Ke6 Ke3 70. Qd5 Ke2 71. Ke5 Ke3 72. Qd4+
Kf3 73. Qe4+ Kg3 74. Kf5 Kh3 75. Qg4+ Kh2 76. Kf4 Kh1 77. Kf3 Kh2 78. Kf2 1-0

[Event "Titled Tue 10th Jun Late"]
[Site "chess.com INT"]
[Date "2025.06.10"]
[Round "10"]
[White "Kucza, Karol"]
[Black "Unver, Cumayi"]
[Result "1-0"]
[WhiteTitle "FM"]
[WhiteElo "2316"]
[BlackElo "2012"]
[WhiteFideId "1159755"]
[BlackFideId "6304940"]
[EventDate "2025.06.10"]

1. e4 c6 2. d4 d5 3. e5 c5 4. Nf3 e6 5. c3 Nc6 6. Bd3 Bd7 7. O-O Rc8 8. a3 Qb6
9. dxc5 Bxc5 10. b4 Bf8 11. Be3 Qc7 12. Nbd2 Nge7 13. c4 dxc4 14. Nxc4 Nd5 15.
Bg5 h6 16. Bh4 b5 17. Ncd2 Nxe5 18. Nxe5 Qxe5 19. Re1 Qc3 20. Ne4 Qc7 21. Qh5
Nf4 22. Qxb5 Be7 23. Qa6 Bxh4 24. Nd6+ Ke7 25. Nxc8+ Rxc8 26. Bf1 Nd5 27. Rad1
Kf8 28. g3 Bf6 29. Bg2 Nb6 30. h4 Be5 31. Qe2 Bf6 32. Qf3 Nd5 33. Qb3 Bc6 34. b5
Bb7 35. a4 Qb6 36. Rc1 Rxc1 37. Rxc1 Be7 38. Qc4 Kg8 39. Qb3 Bf6 40. Qc4 Bd4 41.
Rc2 a6 42. Rd2 Bc5 43. Rc2 Bd4 44. bxa6 Bxa6 45. Qc6 Qb3 46. Rd2 Qc4 47. Qxc4
Bxc4 48. Rxd4 Bb3 49. Bxd5 Bxd5 50. a5 Kf8 51. a6 Bc6 52. Rd6 Bf3 53. a7 Ke7 54.
Rb6 Kd7 55. Rb8 Kc7 56. a8=Q Bxa8 57. Rxa8 Kd7 58. Ra7+ Ke8 59. Kg2 Kf8 60. f4
Kg8 61. h5 1-0

[Event "Titled Tue 10th Jun Late"]
[Site "chess.com INT"]
[Date "2025.06.10"]
[Round "10"]
[White "George, Kevin"]
[Black "Lesovoi, Evgenij"]
[Result "1-0"]
[WhiteTitle "IM"]
[BlackTitle "FM"]
[WhiteElo "2327"]
[BlackElo "2234"]
[WhiteFideId "10669515"]
[BlackFideId "24164135"]
[EventDate "2025.06.10"]

1. d4 Nf6 2. c4 e6 3. Nc3 Bb4 4. e3 O-O 5. Bd3 d5 6. a3 dxc4 7. Bxc4 Bd6 8. Nf3
Nc6 9. O-O e5 10. h3 a6 11. dxe5 Nxe5 12. Nxe5 Bxe5 13. Qc2 b5 14. Rd1 Qe8 15.
Bd3 Bb7 16. b4 c5 17. bxc5 Rc8 18. f4 Bxc3 19. Qxc3 Ne4 20. Qd4 Nxc5 21. Bb2 f6
22. Bf5 Nb3 23. Qb6 Nxa1 24. Bxc8 Qxc8 25. Rxa1 Ba8 26. Rc1 Qd7 27. Qd4 Qe7 28.
Rd1 Re8 29. Kh2 Qf7 30. Qd7 Qg6 31. Rd2 Be4 32. g4 h5 33. f5 Qf7 34. Qxf7+ Kxf7
35. Rd7+ Kg8 36. Kg3 Bc2 37. Kf4 Re4+ 38. Kf3 Rc4 39. g5 Bxf5 40. Rd8+ Kf7 41.
gxf6 gxf6 42. Rd6 Be6 43. Rxa6 h4 44. Bd4 Ke7 45. Ra7+ Bd7 46. Bxf6+ Ke6 47. Bd4
Bc6+ 48. Kg4 Rc2 49. Kxh4 Rg2 50. Rg7 Rh2 51. Kg3 Rg2+ 52. Kh4 Rh2 53. Rg6+ Kd5
54. Kg3 Rh1 55. Kg2 Rd1 56. h4 Rd2+ 57. Kg3 Rd1 58. Kf4 Rh1 59. Kg5 Be8 60. Rb6 1-0

[Event "Titled Tue 10th Jun Late"]
[Site "chess.com INT"]
[Date "2025.06.10"]
[Round "10"]
[White "Marchesich, Giovanni"]
[Black "Marchand, Calix"]
[Result "1/2-1/2"]
[WhiteTitle "CM"]
[WhiteElo "2189"]
[BlackElo "2108"]
[WhiteFideId "2824790"]
[BlackFideId "2640856"]
[EventDate "2025.06.10"]

1. b3 g6 2. Bb2 Nf6 3. d3 Bg7 4. Nd2 O-O 5. Ngf3 c5 6. g3 Nc6 7. Bg2 d5 8. O-O
d4 9. e4 dxe3 10. fxe3 Nd5 11. Bxg7 Kxg7 12. Qe1 Ncb4 13. Nc4 Nxc2 14. Qc1 Nxa1
15. Qb2+ Kg8 16. Rxa1 Nb4 17. d4 cxd4 18. Nxd4 e5 19. Nxe5 Qg5 20. Ndf3 Qxe3+
21. Kh1 Be6 22. Re1 Qc5 23. Ng5 Bd5 24. Ne4 Bxe4 25. Bxe4 Rfe8 26. Nd7 Nd3 27.
Nf6+ Kh8 28. Qa1 Qe5 29. Nxe8 Rxe8 30. Bxd3 Qxa1 31. Rxa1 Rd8 32. Bc4 f5 33. Rc1
Rd2 34. a4 Kg7 35. Re1 Kf6 36. Re2 Rd4 37. Kg2 h5 38. h4 Rg4 39. Re6+ Kg7 40.
Re7+ Kh6 41. Rxb7 f4 42. Bg8 Rxg3+ 43. Kf2 g5 44. hxg5+ Kxg5 45. Rg7+ Kh4 46.
Rxg3 fxg3+ 47. Kg2 Kg4 48. b4 h4 49. Be6+ Kf4 50. b5 Ke5 51. a5 Kd6 52. a6 Kc5
53. Bc4 Kb6 54. Bf1 Kc5 55. Kh3 Kb6 56. Kxh4 g2 57. Bxg2 Kxb5 58. Bb7 Kb6 59.
Kg5 Kc7 60. Kf6 Kb6 61. Ke7 Kc7 62. Ke8 Kb8 63. Bg2 Kc7 64. Bf1 Kb8 65. Kd8 Ka8
66. Kd7 Kb8 67. Kc6 Ka8 68. Bg2 Kb8 69. Bf3 Kc8 70. Bg4+ Kb8 71. Kd6 Ka8 72. Kd7
Kb8 73. Kd8 Ka8 74. Be2 Kb8 75. Bc4 Ka8 76. Kd7 Kb8 77. Kc6 Ka8 78. Kc7 1/2-1/2

[Event "Titled Tue 10th Jun Late"]
[Site "chess.com INT"]
[Date "2025.06.10"]
[Round "10"]
[White "Sobek, Jaroslav"]
[Black "Escareno Rojas, Angel Salvador"]
[Result "1/2-1/2"]
[WhiteTitle "FM"]
[WhiteElo "2195"]
[BlackElo "1965"]
[WhiteFideId "301388"]
[BlackFideId "5107733"]
[EventDate "2025.06.10"]

1. d4 Nf6 2. c4 e6 3. Bf4 d5 4. Nc3 dxc4 5. e3 b6 6. Bxc4 Bb7 7. Nf3 Be7 8. O-O
O-O 9. Qe2 Nbd7 10. Rfd1 a6 11. Rac1 b5 12. Bd3 Rc8 13. e4 c5 14. dxc5 Bxc5 15.
e5 Nd5 16. Nxd5 Bxd5 17. Ng5 g6 18. Ne4 f5 19. exf6 Bxe4 20. Qxe4 Qxf6 21. Be3
Bxe3 22. Qxe3 Ne5 23. Be2 Nf7 24. b3 Rxc1 25. Rxc1 Rd8 26. h3 Nd6 27. Re1 Nf5
28. Qe4 Rd4 29. Qc2 Rf4 30. Qc8+ Kg7 31. Qd7+ Ne7 32. Rf1 Rd4 33. Qa7 Rd6 34.
Bg4 h5 35. Bf3 Kf7 36. Qc7 Qd4 37. Rd1 Qxd1+ 38. Bxd1 Rxd1+ 39. Kh2 Rd2 40. Qf4+
Nf5 41. Qxd2 Kf6 42. Qf4 Ke7 43. g4 hxg4 44. Qe5 gxh3 45. Kxh3 g5 46. Kg4 Nh6+
47. Kxg5 Nf7+ 48. Kf4 Nxe5 49. Kxe5 Kf7 50. f4 Ke7 51. b4 Kf7 52. f5 exf5 53.
Kxf5 Ke7 54. Ke5 Kd7 55. Kd5 Kc7 56. Ke6 Kc6 57. Ke5 Kb6 58. Kd4 a5 59. Kd5 axb4
60. Kd4 Ka5 61. Kc5 Ka4 62. Kc6 Ka5 63. Kc5 Ka4 64. Kc6 Ka3 65. Kxb5 Kxa2 66.
Kxb4 1/2-1/2

[Event "Titled Tue 10th Jun Late"]
[Site "chess.com INT"]
[Date "2025.06.10"]
[Round "10"]
[White "Olund, Joar"]
[Black "Ersoz, Teoman Guney"]
[Result "1-0"]
[WhiteTitle "FM"]
[BlackTitle "CM"]
[WhiteElo "2369"]
[BlackElo "2052"]
[WhiteFideId "1714848"]
[BlackFideId "44537050"]
[EventDate "2025.06.10"]

1. d4 Nf6 2. Bg5 d5 3. Nd2 e6 4. e4 dxe4 5. Nxe4 Be7 6. Bxf6 gxf6 7. Nf3 f5 8.
Ned2 b6 9. g3 Bb7 10. Bg2 Nd7 11. O-O Nf6 12. a4 O-O 13. a5 c5 14. axb6 axb6 15.
dxc5 Bxc5 16. Nb3 Rxa1 17. Qxa1 Qa8 18. Nh4 Bxg2 19. Nxg2 Ng4 20. Nxc5 bxc5 21.
Qxa8 Rxa8 22. h3 Ne5 23. f4 Nc4 24. b3 Nd2 25. Rd1 Nf3+ 26. Kf2 Nd4 27. Ne3 Ra2
28. Rd2 Nxb3 29. Rd8+ Kg7 30. Rc8 Nd2 31. g4 fxg4 32. hxg4 Ra4 33. Kg3 Ra3 34.
Kf2 Ne4+ 35. Ke2 Rc3 36. g5 Nd6 37. Rd8 Nc4 38. Ng4 Kg6 39. Nh6 Rxc2+ 40. Ke1
Ne3 41. Rg8+ Kh5 42. Nxf7 Kg4 43. Rh8 c4 44. Rxh7 c3 45. g6 Kxf4 46. Rh4+ Kg3
47. Re4 Ng2+ 48. Kd1 Rd2+ 49. Kc1 Nf4 50. Re3+ Kf2 51. Rxc3 Rd7 52. g7 Ne2+ 53.
Kb2 Rc7 54. Rxc7 Ke3 55. g8=Q Nf4 56. Rc3+ Nd3+ 57. Ka2 e5 58. Nxe5 Ke4 59. Rxd3
Kxe5 60. Qg4 1-0

[Event "Titled Tue 10th Jun Late"]
[Site "chess.com INT"]
[Date "2025.06.10"]
[Round "10"]
[White "Saidov, Bilukhadzh"]
[Black "Materia, Marco"]
[Result "0-1"]
[WhiteTitle "FM"]
[BlackTitle "IM"]
[WhiteElo "2309"]
[BlackElo "2489"]
[WhiteFideId "34165476"]
[BlackFideId "45150451"]
[EventDate "2025.06.10"]

1. d4 Nf6 2. Nf3 d5 3. Bf4 g6 4. e3 Bg7 5. Be2 O-O 6. O-O b6 7. c4 Bb7 8. Nc3 e6
9. cxd5 exd5 10. Nb5 Ne8 11. Rc1 c6 12. Nc3 Nd7 13. Qb3 Qe7 14. a3 Nef6 15. h3
Rac8 16. Qb4 c5 17. dxc5 a5 18. Qb5 Rxc5 19. Qb3 Ne4 20. Na4 Rc6 21. Rxc6 Bxc6
22. Rc1 Ndc5 23. Nxc5 bxc5 24. Qb6 Ba8 25. Bd3 Qf6 26. Qxf6 Bxf6 27. Be5 Be7 28.
Bxe4 dxe4 29. Nd2 Bd5 30. Nc4 a4 31. Bd6 Bxd6 32. Nxd6 c4 33. Rd1 Bc6 34. Nxc4
Rb8 35. Rd2 f5 36. g3 Bb5 37. Ne5 Be8 38. h4 Kg7 39. f4 exf3 40. Nxf3 Bc6 41.
Nd4 Be4 42. Kh2 Kf6 43. Kh3 Rc8 44. g4 fxg4+ 45. Kxg4 Ke5 46. Kg5 Rc1 47. Rh2 h5
48. Nb5 Rg1+ 49. Kh6 Rg3 50. Nc3 Bc6 51. e4 Rg4 52. Rc2 Rxh4 53. Nd5 Bxd5 54.
exd5 Rg4 55. d6 Kxd6 56. Rf2 h4 57. Rh2 g5 58. Kh5 Rg3 59. Rh1 h3 60. b4 axb3
61. a4 g4 62. a5 Kc6 63. a6 Kb6 64. Ra1 Ka7 65. Rb1 h2 66. Kh4 Rg1 67. Rb2 h1=Q+
68. Kg5 0-1

[Event "Titled Tue 10th Jun Late"]
[Site "chess.com INT"]
[Date "2025.06.10"]
[Round "10"]
[White "Davtyan, Artur"]
[Black "Martinez Alcantara, Jose Eduardo"]
[Result "1-0"]
[WhiteTitle "IM"]
[BlackTitle "GM"]
[WhiteElo "2472"]
[BlackElo "2611"]
[WhiteFideId "13308327"]
[BlackFideId "3805662"]
[EventDate "2025.06.10"]

1. d4 d5 2. c4 e6 3. Nc3 a6 4. cxd5 exd5 5. Nf3 c6 6. Bg5 Be7 7. Bxe7 Nxe7 8. e3
O-O 9. Bd3 Nd7 10. O-O Nf6 11. Ne5 Bf5 12. b4 Bxd3 13. Qxd3 Nd7 14. Nxd7 Qxd7
15. Na4 Qf5 16. Qb3 Nc8 17. Nc5 Nd6 18. Rfc1 Rfe8 19. a4 h6 20. h3 Re7 21. Ra2
Rae8 22. Qd3 Qg5 23. Rb1 f5 24. Re2 Qh5 25. f3 g5 26. Rbe1 Qg6 27. Qc2 h5 28.
Nd3 Nc4 29. Kf2 Qf6 30. Nb2 Nxe3 31. Rxe3 Qxd4 32. Nd1 Re5 33. Re2 R8e6 34. Qd2
Qb6 35. Kf1 Rxe3 36. Rxe3 Rg6 37. Re7 Qd8 38. Qe2 Qd6 39. Rxb7 Re6 40. Qd2 f4
41. Qd4 Qf8 42. Nf2 a5 43. Qd3 Re7 44. Rxe7 Qxe7 45. b5 Qc5 46. bxc6 Qxc6 47.
Kg1 Kg7 48. Kh2 Kh6 49. Nd1 Qxa4 50. Nc3 Qb3 51. Qd4 Qc4 52. Qf6+ Kh7 53. Qf7+
Kh6 54. Nxd5 Qd4 55. Qe6+ Kg7 56. Qf5 Kh6 57. Nf6 Qa7 58. Ng8+ Kg7 59. Qxg5+ Kf7
60. Nh6+ Ke6 61. Qxf4 a4 62. Qe4+ Kf6 63. Qf5+ Kg7 64. Qg5+ Kh7 65. Nf5 a3 66.
Qxh5+ Kg8 67. Qg6+ Kf8 68. Qf6+ Ke8 69. Qh8+ 1-0

[Event "Titled Tue 10th Jun Late"]
[Site "chess.com INT"]
[Date "2025.06.10"]
[Round "10"]
[White "Huston, Gus"]
[Black "Salinas Herrera, Pablo"]
[Result "1/2-1/2"]
[WhiteTitle "IM"]
[BlackTitle "GM"]
[WhiteElo "2315"]
[BlackElo "2447"]
[WhiteFideId "30909090"]
[BlackFideId "3407128"]
[EventDate "2025.06.10"]

1. e4 c5 2. Nf3 d6 3. Bb5+ Nd7 4. c4 Nf6 5. Nc3 g6 6. O-O Bg7 7. d4 cxd4 8. Nxd4
O-O 9. h3 Qc7 10. Bxd7 Bxd7 11. b3 Rfc8 12. Bb2 Qa5 13. Re1 a6 14. a4 Be8 15.
Qd3 Nd7 16. Nd5 Qd8 17. a5 Nc5 18. Qd1 Rab8 19. b4 Nd7 20. Rc1 e6 21. Ne3 b6 22.
axb6 Qxb6 23. Qd2 Qxb4 24. Bc3 Qc5 25. Red1 Ne5 26. Ne2 Ba4 27. Rf1 Rb3 28. Bd4
Qc7 29. Qa2 Qd7 30. Ra1 Rb4 31. Qa3 a5 32. Bc3 Nxc4 33. Nxc4 Rbxc4 34. Bxg7 Kxg7
35. Ng3 Bc2 36. Qb2+ Kg8 37. Rxa5 Bxe4 38. Rg5 e5 39. Nh5 Qe7 40. f4 Rc2 41. Qa1
Qxg5 42. fxg5 Rxg2+ 43. Kh1 Ra2+ 44. Kg1 Rxa1 45. Nf6+ Kg7 46. Rxa1 Bf5 47. h4
d5 48. Kf2 d4 49. Kf3 e4+ 50. Kf4 d3 51. Ke3 Rd8 52. Ra2 h6 53. Rb2 hxg5 54.
hxg5 Rh8 55. Ra2 Rh3+ 56. Kf4 e3 57. Ra8 Rh8 58. Rxh8 Kxh8 59. Kxe3 Kg7 60. Nd5
Kf8 61. Kd2 Ke8 62. Ne3 Be4 63. Ng4 Ke7 64. Nf2 Bf5 65. Nxd3 Bxd3 66. Kxd3 Kd6
67. Kd4 Ke6 68. Ke4 Ke7 69. Ke5 Kf8 70. Ke4 Kg7 71. Ke5 Kf8 72. Ke4 Ke7 73. Ke5
Kd7 74. Kd5 Ke7 75. Ke5 1/2-1/2

[Event "Titled Tue 10th Jun Late"]
[Site "chess.com INT"]
[Date "2025.06.10"]
[Round "10"]
[White "Bortnyk, Olexandr"]
[Black "Pakleza, Zbigniew"]
[Result "1-0"]
[WhiteTitle "GM"]
[BlackTitle "GM"]
[WhiteElo "2601"]
[BlackElo "2484"]
[WhiteFideId "14120828"]
[BlackFideId "1119290"]
[EventDate "2025.06.10"]

1. e4 d6 2. g3 Nf6 3. Bg2 c6 4. d4 e5 5. Ne2 Nbd7 6. c4 Be7 7. Nbc3 O-O 8. O-O
Re8 9. h3 a6 10. d5 Qc7 11. a4 a5 12. Be3 Nc5 13. Bxc5 dxc5 14. f4 Bd6 15. f5 h6
16. g4 Be7 17. Kh2 Nh7 18. Qe1 Qd8 19. Rd1 Bh4 20. Qd2 Qb6 21. Qc2 Bd7 22. b3
Rad8 23. Ng1 Ng5 24. Rd3 Bc8 25. Rfd1 Qc7 26. Nb1 f6 27. Nd2 Nf7 28. Ndf3 Bg5
29. Nxg5 hxg5 30. Ne2 Kf8 31. Nc3 Ke7 32. Kg1 Rh8 33. Bf1 Nd6 34. Qd2 Nf7 35.
Kf2 Rd6 36. Kg3 Rhd8 37. Qf2 Qb6 38. Qc2 Qb4 39. Kf2 Qb6 40. R1d2 Qb4 41. Ke1
Qb6 42. Kd1 Qb4 43. Kc1 Qb6 44. Kb1 Qb4 45. Ka2 Qb6 46. Rd1 Qb4 47. Qf2 Qb6 48.
R1d2 Qb4 49. Kb2 Qb6 50. Be2 Qb4 51. Bf3 Qb6 52. Bg2 Qb4 53. h4 gxh4 54. Rh3 Rh8
55. Rxh4 Rdd8 56. Rxh8 Rxh8 57. dxc6 bxc6 58. Qe3 Ba6 59. Na2 Qb6 60. Kc2 Nd6
61. Bf1 Rb8 62. Nc1 Qb4 63. g5 Bxc4 64. gxf6+ gxf6 65. Bxc4 Nxc4 66. bxc4 Qxa4+
67. Kd3 Qa3+ 68. Ke2 Qb4 69. Qd3 Rb7 70. Qd6+ Kf7 71. Qe6+ Kg7 72. Ke3 Qa3+ 73.
Nd3 Kf8 74. Qxf6+ Rf7 75. Qd8+ Kg7 76. Rg2+ Kh7 77. Qh4# 1-0

[Event "Titled Tue 10th Jun Late"]
[Site "chess.com INT"]
[Date "2025.06.10"]
[Round "10"]
[White "Lira, Suan Bruno Fernandes"]
[Black "Avramidou, Anastasia"]
[Result "1-0"]
[BlackTitle "FM"]
[WhiteElo "2163"]
[BlackElo "2294"]
[WhiteFideId "22794620"]
[BlackFideId "4239873"]
[EventDate "2025.06.10"]

1. e4 c5 2. Nf3 Nc6 3. d4 cxd4 4. Nxd4 Nf6 5. Nc3 e5 6. Ndb5 d6 7. Bg5 a6 8. Na3
Be7 9. Nc4 b5 10. Ne3 Be6 11. Bxf6 Bxf6 12. a4 b4 13. Ncd5 Be7 14. Bd3 O-O 15.
O-O Bg5 16. Nf5 g6 17. Nfe3 a5 18. c3 bxc3 19. bxc3 Kh8 20. Rb1 Ne7 21. Bc4 Nxd5
22. Bxd5 Rc8 23. c4 Rc5 24. Rb5 Rxb5 25. cxb5 Bxe3 26. fxe3 Bxd5 27. Qxd5 Kg7
28. Qc6 Qg5 29. Rf3 Qh4 30. g3 Qg4 31. Kg2 Rc8 32. h3 Qe6 33. Qd5 Rc2+ 34. Rf2
Rxf2+ 35. Kxf2 Qxh3 36. Qxd6 Qh2+ 37. Kf3 Qh1+ 38. Kf2 Qxe4 39. b6 Qc2+ 40. Ke1
Qb1+ 41. Ke2 Qb2+ 42. Kf3 h5 43. Ke4 f5+ 44. Kd5 h4 45. gxh4 f4 46. exf4 exf4
47. Qc7+ Kg8 48. b7 Qb3+ 49. Kc5 Qc3+ 50. Kb6 Qd4+ 51. Ka6 Qd3+ 52. Ka7 Qd4+ 53.
Ka8 Qe4 54. Kb8 f3 55. Kc8 Qf5+ 56. Qd7 Qc5+ 57. Kd8 Qe5 58. Qe8+ Qxe8+ 59. Kxe8
f2 60. b8=Q f1=Q 61. Qd6 Qf7+ 62. Kd8 Kg7 63. Qd7 Kf6 64. Qxf7+ Kxf7 65. Kc7 Kf6
66. Kb6 Kf5 67. Kxa5 Kg4 68. Kb4 Kxh4 69. a5 g5 70. a6 g4 71. a7 Kh3 72. a8=Q g3
73. Qh1+ 1-0

[Event "Titled Tue 10th Jun Late"]
[Site "chess.com INT"]
[Date "2025.06.10"]
[Round "10"]
[White "Pullela, Sricharan"]
[Black "Manukyan, Sargis A."]
[Result "1-0"]
[BlackTitle "FM"]
[WhiteElo "2144"]
[BlackElo "2294"]
[WhiteFideId "30951089"]
[BlackFideId "13303970"]
[EventDate "2025.06.10"]

1. Nf3 d5 2. d3 Nf6 3. g3 e6 4. Bg2 Be7 5. O-O O-O 6. b3 c5 7. Bb2 Nc6 8. Nbd2
b5 9. a4 b4 10. e4 a5 11. Qe2 dxe4 12. Nxe4 Bb7 13. Rad1 Nxe4 14. dxe4 Qc7 15.
Qe3 e5 16. Rfe1 Nd4 17. Rd2 Rfd8 18. Red1 f6 19. Bf1 Ba6 20. Bxa6 Rxa6 21. Bxd4
cxd4 22. Qe2 Rc6 23. Ne1 Rc8 24. Rd3 Rxc2 25. Nxc2 Qxc2 26. R1d2 Qc6 27. Qg4 g6
28. h4 Kf7 29. h5 Qe6 30. hxg6+ hxg6 31. Qh4 Kg7 32. Qh2 Qg4 33. f3 Rc1+ 34. Kf2
Qc8 35. Ke2 Rb1 36. g4 Qc1 37. Qf2 f5 38. exf5 Bg5 39. Rd1 Rb2+ 40. Ke1 Rxf2 41.
Rxc1 Bxc1 42. Kxf2 gxf5 43. gxf5 Kf6 44. Rd1 Bf4 45. Ke2 Kxf5 46. Rh1 Bg5 47.
Rh8 Bf6 48. Ra8 e4 49. fxe4+ Kxe4 50. Rxa5 d3+ 51. Kd1 Kd4 52. Rf5 Bd8 53. Rf8
Bb6 54. Rc8 Ke3 55. Rc4 Ba5 56. Rc6 Kd4 57. Rc4+ Ke3 58. Rc8 Kd4 59. Rc6 Ke3 60.
Ra6 Bd8 61. Ra8 Bc7 62. Re8+ Kd4 63. Rc8 Ba5 64. Kd2 Bb6 65. Rc4+ Kd5 66. Kxd3
Bc5 67. Re4 Bd6 68. Rc4 Bc5 69. Rxc5+ Kxc5 70. Ke4 Kc6 71. Kd4 Kb6 72. Kc4 Ka5
73. Kc5 Ka6 74. Kxb4 Kb6 75. a5+ Ka6 76. Ka4 Ka7 77. b4 Kb7 78. b5 Ka7 79. Kb4
Kb8 80. Kc5 Ka8 81. a6 Kb8 82. b6 Ka8 83. a7 Kb7 84. a8=Q+ Kxa8 85. Kc6 Kb8 86.
b7 Ka7 87. Kc7 Ka6 88. b8=Q Ka5 89. Qb3 Ka6 90. Qa4# 1-0

[Event "Titled Tue 10th Jun Late"]
[Site "chess.com INT"]
[Date "2025.06.10"]
[Round "10"]
[White "Venkatesh, Narayan"]
[Black "Kosteniuk, Alexandra"]
[Result "1-0"]
[WhiteTitle "FM"]
[BlackTitle "GM"]
[WhiteElo "2168"]
[BlackElo "2474"]
[WhiteFideId "30987881"]
[BlackFideId "4128125"]
[EventDate "2025.06.10"]

1. Nf3 d5 2. g3 Nc6 3. d4 Bf5 4. Bg2 e6 5. O-O Nb4 6. Na3 Nc6 7. Nb1 Nb4 8. Na3
h5 9. c4 Nc6 10. cxd5 exd5 11. Nb5 a6 12. Nc3 Be7 13. Bf4 Be6 14. Ne5 g5 15.
Nxc6 bxc6 16. Bd2 h4 17. Qa4 Qd7 18. e4 hxg3 19. fxg3 Nf6 20. Bxg5 Ng4 21. Bxe7
Kxe7 22. exd5 cxd5 23. Qxd7+ Kxd7 24. Nxd5 Nxh2 25. Nf6+ Ke7 26. Rf4 Rab8 27. b3
Rh6 28. Nd5+ Kd6 29. Ne3 Rg8 30. d5 Bd7 31. Nc4+ Ke7 32. Re1+ Kf8 33. Ne5 Be8
34. Re2 Rxg3 35. Ref2 Rg7 36. Rb4 Rg5 37. Re4 f6 38. Nc4 Bf7 39. d6 cxd6 40.
Nxd6 Bd5 41. Re8+ Kg7 42. Nf5+ Kf7 43. Re7+ Kf8 44. Nxh6 Kxe7 45. Kxh2 Rh5+ 46.
Kg1 Bxg2 47. Nf5+ Kd7 48. Ng3 Ra5 49. Kxg2 Ke6 50. Kf3 f5 51. Kf4 Rb5 52. Re2+
Kf6 53. Rc2 Rb4+ 54. Rc4 Rb6 55. Nxf5 Ke6 56. Ne3 Kd7 57. Ke5 Re6+ 58. Kd4 Rh6
59. Nd5 Rh2 60. a4 Kd6 61. Nc3 Rh4+ 62. Ne4+ Kd7 63. Kd5 Rh5+ 64. Kd4 Rh4 65.
Rc5 Rh3 66. b4 Rb3 67. Kc4 Re3 68. Nc3 Re6 69. Rd5+ Kc7 70. b5 axb5+ 71. Nxb5+
Kb6 72. Rd6+ Ka5 73. Rxe6 1-0